Tales from the odyssey / (Record no. 4676)

MARC details
000 -LEADER
fixed length control field 00734nam a22002537a 4500
001 - CONTROL NUMBER
control field 4676
003 - CONTROL NUMBER IDENTIFIER
control field FISKH
005 - DATE AND TIME OF LATEST TRANSACTION
control field 20240920084908.0
008 - FIXED-LENGTH DATA ELEMENTS--GENERAL INFORMATION
fixed length control field 240920b cb ||||| |||| 00| 0 eng d
020 ## - INTERNATIONAL STANDARD BOOK NUMBER
International Standard Book Number 9780545414494
040 ## - CATALOGING SOURCE
Original cataloging agency FISKH
Language of cataloging eng
Transcribing agency FISKH
Modifying agency FISKH
050 ## - LIBRARY OF CONGRESS CALL NUMBER
Classification number PZ8.O813
082 ## - DEWEY DECIMAL CLASSIFICATION NUMBER
Edition number 883.01
100 ## - MAIN ENTRY--PERSONAL NAME
Personal name Osborne, Pope Mary
Dates associated with a name 1949-
245 ## - TITLE STATEMENT
Title Tales from the odyssey /
Statement of responsibility, etc. Mary Pope Osborne
250 ## - EDITION STATEMENT
Edition statement First printing in 2011
260 ## - PUBLICATION, DISTRIBUTION, ETC.
Place of publication, distribution, etc. New York :
Name of publisher, distributor, etc. Scholastic,
Date of publication, distribution, etc. 2011.
300 ## - PHYSICAL DESCRIPTION
Extent 273 pages :
Dimensions 18cm
520 ## - SUMMARY, ETC.
Summary, etc. Retells a part of the Odyssey in which King Odysseus fights the cyclops.
650 ## - SUBJECT ADDED ENTRY--TOPICAL TERM
Source of heading or term Greek mythology
Topical term or geographic name entry element Ancient history
650 ## - SUBJECT ADDED ENTRY--TOPICAL TERM
Source of heading or term Fantasy
Topical term or geographic name entry element Adventure
942 ## - ADDED ENTRY ELEMENTS (KOHA)
Source of classification or shelving scheme Dewey Decimal Classification
Koha item type Books
Suppress in OPAC No
Holdings
Withdrawn status Lost status Source of classification or shelving scheme Damaged status Not for loan Collection Home library Current library Shelving location Date acquired Total Checkouts Full call number Barcode Date last seen Copy number Price effective from Koha item type
    Dewey Decimal Classification     Fiction Footprints International School Library Network Toul Kork Campus Footprints International School Library Network Toul Kork Campus TTP Secondary Fiction Bookshelves 09/20/2024   OSB 883.01 PZ8.O813 2024-2044 09/20/2024 1 09/20/2024 Books